000 05510nam a22005777a 4500
001 1147877120
003 OCoLC
005 20210419072454.0
006 m o d
007 cr |||||||||||
008 200331s2020 nyua o 000 0 eng d
020 _qpaperback
_a9781260116717
020 _z1260116719
_qpaperback
035 _a(OCoLC)1147877120
040 _aMPA
_beng
_erda
_epn
_cMPA
_dMPA
_dINM
_dMMU
_dYYE
049 _aYYEA
_aVZYM
080 _a616-093
_bL-62
096 _aQW 18.2 L665r 2020
100 _9178
_aLevinson,warren
245 0 0 _aReview of medical microbiology & immunology :
_ba guide to clinical infectious diseases /
_cWarren Levinson, Peter Chin-Hong, Elizabeth A. Joyce, Jesse Nussbaum, Brian Schwartz.
246 3 _aReview of medical microbiology and immunology.
246 3 _aMedical microbiology and immunology.
250 _a16th ed.
260 _aNew York :
_bMcGraw-Hill Education,
_c[2020]
300 _a1 online resource :846
_billustrations (chiefly color)
490 0 _aLange medical book,
_x1042-8070.
500 _aRevised edition of: Review of medical microbiology and immunology / Warren Levinson. Fourteenth edition. [2018]
500 _aEINSTEIN & MMC: available online via AccessMedicine. See Reference staff for assistance.
505 0 _aPart I: Basic bacteriology. Bacteria compared with other microorganisms -- Structure of bacterial cells -- Growth -- Genetics -- Classification of medically important bacteria -- The human microbiome -- Pathogenesis -- Host defenses -- Laboratory diagnosis -- Antibacterial drugs: mechanism of action -- Antibacterial drugs: resistance -- Bacterial vaccines -- Sterilization & disinfection -- Part II: Clinical bacteriology. Overview of the major pathogens & introduction to anaerobic bacteria -- Gram-positive cocci -- Gram-negative cocci -- Gram-positive rods -- Gram-negative rods related to the enteric tract -- Gram-negative rods related to the respiratory tract -- Gram-negative rods related to animal sources (zoonotic organisms) -- Mycobacteria -- Actinomycetes -- Mycoplasmas -- Spirochetes -- Chlamydiae -- Rickettsiae -- Minor bacterial pathogens -- Part III: Basic virology. Introduction -- Structure -- Replication -- Genetics & gene therapy -- Classification of medically important viruses -- Pathogenesis -- Host defenses -- Laboratory diagnosis -- Antiviral drugs -- Viral vaccines -- Part IV: Clinical virology. Introduction -- Herpesviruses, poxviruses, & human papilloma virus -- Respiratory viruses -- Important childhood viruses -- Viruses that infect the enteric tract -- Hepatitis viruses -- Arboviruses, rabies virus, & Ebola virus -- Tumor viruses -- Slow viruses & prions -- Human immunodeficiency virus -- Minor viral pathogens -- Part V: Mycology. Basic mycology -- Cutaneous & subcutaneous mycoses -- Systemic mycoses -- Opportunistic mycoses -- Part VI: Parasitology. Introduction -- Intestinal & urogenital: protozoa -- Blood & tissue protozoa -- Minor protozoan pathogens -- Cestodes -- Trematodes -- Nematodes -- Part VII: Immunology. Overview of immunity -- Innate immunity -- Adaptive immunity: lymphocyte antigen receptors -- Adaptive immunity: T-cell-mediated immunity -- Adaptive immunity: B cells & antibodies -- Major histocompatibility complex & transplantation -- Complement -- Antigen-antibody reactions in the laboratory -- Hypersensitivity (allergy) -- Tolerance & autoimmune disease -- Tumor immunity -- Immunodeficiency -- Part VIII: Ectoparasites. Ectoparasites that cause human disease -- Part IX: Infectious diseases. Bone & joint infections -- Cardiac infections -- Central nervous system infections -- Gastrointestinal tract infections -- Pelvic infections -- Upper respiratory tract infections -- Lower respiratory tract infections -- Infections of the skin & skin structures -- Urinary tract infections -- Sepsis & septic shock -- Eye infections -- Part X: Brief summaries of medically important organisms -- Part XI: Clinical cases -- Part XII: Pearls for the USMLE.
588 _aDescription based on online resource; title from electronic title page (AccessMedicine, viewed April 6, 2020).
590 _aOrder 17th ed. in print if requested per rgh.
650 2 _aMicrobiology
_vExamination Questions.
650 2 _aMicrobiology
_vOutlines.
650 2 _aAllergy and Immunology
_vExamination Questions.
650 2 _aAllergy and Immunology
_vOutlines.
650 2 _aImmunologic Techniques
_vExamination Questions.
650 2 _aImmunologic Techniques
_vOutlines.
653 _aმიკრობიოლოგია
655 7 _aElectronic books.
700 1 _aLevinson, Warren.
700 1 _aChin-Hong, Peter.
700 1 _aJoyce, Elizabeth A.
700 1 _aNussbaum, Jesse.
700 1 _aSchwartz, Brian S.
710 2 _aAccessMedicine (Online Service)
856 4 0 _3AccessMedicine
_uhttps://elibrary.einsteinmed.org/login?url=https://accessmedicine.mhmedical.com/qa.aspx?resourceid=2872
_zEINSTEIN: AccessMedicine ebook collection - Review questions
856 4 0 _3AccessMedicine
_uhttps://elibrary.einsteinmed.org/login?url=https://accessmedicine.mhmedical.com/book.aspx?bookid=2867
_zEINSTEIN: AccessMedicine ebook collection
856 4 1 _3AccessMedicine
_uhttps://accessmedicine.mhmedical.com/book.aspx?bookid=2867
_zMMC: AccessMedicine ebook collection
856 4 1 _3AccessMedicine
_uhttps://accessmedicine.mhmedical.com/qa.aspx?resourceid=2872
_zMMC: AccessMedicine ebook collection - Review questions
942 _2udc
_cBK
999 _c293
_d293